000 00656nam a22002297a 4500
003 OSt
005 20260206120439.0
008 260206b |||||||| |||| 00| 0 eng d
020 _a978-81-7033-786-7
037 _cTextbook
040 _aFEDL
_beng
_cFEDL
041 _aeng
_heng
082 _a910 HAR/R
100 _aHarver, David
_91114163
245 _aExplanation in geography/
_cDavid Harper
260 _aJaipur
_bRawat Publications
_cIndian reprint, 2024
300 _axx, 521p.
365 _aINR
_b495.00
650 _aGEOGRAPHY
_91114164
942 _2ddc
_cTB
_h910 HAR/R
_n0
999 _c1678789
_d1678789